000 00962nam a2200253 a 4500
001 54580
003 BD-RjUL
005 20211209080136.0
008 161108s1966 ii ||||| |||| 00| 0 ben d
020 _c: IRs.4.00
035 _a(BD-RjUL)54702
040 _aBD-RjUL
_bben
_cBD-RjUL
041 _aben
082 _223
_a891.441
_bDUB 1966
100 _aদত্ত, মাইকেল মধুসূদন
_9123122
245 1 0 _aবীরাঙ্গনা কাব্য /
_cমধুসূধন ; সৈয়দ আলী আহসান সম্পাদিত
250 _a১ম সং.
260 _aচট্টগ্রাম :
_bনাসিম বানু,
_c১৯৬৬
300 _a[৮], ১৪২ পৃ. ;
_c২২ সে.মি.
650 _aবাংলা কবিতা
_9123123
650 _aBengali Poetry
_9123124
700 _aআহসান, সৈয়দ আলী, সম্পাদক
_9123127
942 _2ddc
_cBK
999 _c54580
_d54580